000 00837nac a22002291u 4500
010 _a 96029994
020 _a0300069065
082 0 0 _a391.00940902
_bPIP
090 _c7247
_d7247
100 _aPiponnier, Françoise
245 1 0 _aDress in the Middle Ages /
_cFrançoise Piponnier and Perrine Mane ; translated by Caroline Beamish.
260 _aNew Haven :
_bYale University Press,1997
_cc1997.
300 _avi, 167 p. :
_bill. ;
_c25 cm.
500 _adistributer: Al-Ahram
504 _aIncludes bibliographical references (p. [157]-163).
511 _acatalogued by: wessam
650 0 _aClothing and dress
_xHistory
_yMedieval, 500-1500.
650 0 _aClothing and dress in art.
650 0 _aCivilization, Medieval.
700 1 _aMane, Perrine.
942 _cBB
_k391.00940902PIP
999 _c7247
_d7247